Normal view
MARC view
Entry Personal Name
001 - CONTROL NUMBER
- control field: 87752
003 - CONTROL NUMBER IDENTIFIER
- control field: dpl
005 - DATE AND TIME OF LATEST TRANSACTION
- control field: 20260227160258.0
008 - FIXED-LENGTH DATA ELEMENTS
- fixed length control field: 260227|| aca||aabn | a|a d
040 ## - CATALOGING SOURCE
- Original cataloging agency: dpl
- Transcribing agency: dpl
100 ## - HEADING--PERSONAL NAME
- Personal name: Varshney, Mansi
670 ## - SOURCE DATA FOUND
- Source citation: Work cat.: (dpl)215036: Varshney, Mansi, LLB Bachelor of Law 2026 Exam:, 2025
